| 000 | 00655nam a22001937a 4500 | ||
|---|---|---|---|
| 005 | 20251108164952.0 | ||
| 008 | 250721s2012 xx 000 0 ara d | ||
| 082 | 1 | 4 | _a613.8/جزا |
| 100 | 1 | _aالجزازي، جلال علي | |
| 245 | 1 | 0 | _aإدمان المخدرات و الكحوليات و أساليب العلاج / |
| 264 | 1 |
_aعمان : _bدار الحامد للنشر و التوزيع، _c2012. |
|
| 300 | _a195ص. | ||
| 650 | 1 | 7 | _aالمخدرات |
| 650 | 1 | 7 | _aالعلاج النفسي لإدمان المخدرات |
| 650 | 1 | 7 | _aالإدمان |
| 700 | 1 | _aالحراحشة، أحمد حسن | |
| 942 |
_2ddc _cBK |
||
| 999 |
_c18669 _d18669 |
||